[Event "SG Porz 2 - SF Gerresheim 1"]
[Site "Oberliga NRW 2017/2018"]
[Date "2018.02.18"]
[Round "6.1"]
[White "Orlov, Andrey"]
[Black "Mladenov, Svetlin"]
[Result "1/2-1/2"]
[WhiteElo "2454"]
[BlackElo "2399"]
[PlyCount "36"]
[EventDate "2018.??.??"]
[WhiteTeam "SF Gerresheim 1"]
[BlackTeam "SG Porz 2"]

1. e4 d6 2. d4 Nf6 3. Nc3 Nbd7 4. g3 e5 5. Bg2 c6 6. Nge2 b5 7. O-O Bb7 8. a3
a5 9. Re1 Be7 10. h3 h5 11. b3 O-O 12. Bb2 Re8 13. Qd2 Bf8 14. Rad1 g6 15. Qc1
exd4 16. Nxd4 b4 17. axb4 axb4 18. Na4 c5 1/2-1/2

[Event "SG Porz 2 - SF Gerresheim 1"]
[Site "Oberliga NRW 2017/2018"]
[Date "2018.02.18"]
[Round "6.2"]
[White "Pauly, Carlo"]
[Black "Orzech, Dominik"]
[Result "1/2-1/2"]
[WhiteElo "2268"]
[BlackElo "2407"]
[PlyCount "97"]
[EventDate "2018.??.??"]
[WhiteTeam "SG Porz 2"]
[BlackTeam "SF Gerresheim 1"]

1. d4 d5 2. c4 c6 3. Nc3 Nf6 4. Nf3 dxc4 5. a4 Bf5 6. e3 e6 7. Bxc4 Bb4 8. O-O
O-O 9. Qe2 Bg6 10. Ne5 Nbd7 11. Nxg6 hxg6 12. Rd1 Qa5 13. e4 Nb6 14. Bb3 c5 15.
dxc5 Bxc5 16. e5 Nfd7 17. Nb5 Qb4 18. Rd3 Be7 19. Nc7 Nc5 20. Bd2 Qh4 21. Nxa8
Nxd3 22. Nxb6 Nc5 23. Qb5 axb6 24. Qxb6 Rd8 25. Be3 Nxb3 26. Qxb3 Qe4 27. Rc1
Rd3 28. Qc2 Kh7 29. h3 Rxe3 30. fxe3 Qxe3+ 31. Kf1 Qf4+ 32. Kg1 Qe3+ 33. Kh1
Qxe5 34. Qc3 Qf4 35. Qc4 Qg3 36. Qg4 Qe5 37. b4 f5 38. Qf3 Bd6 39. g3 Bxb4 40.
Qxb7 Qxg3 41. Qg2 Qa3 42. Rg1 g5 43. Qe2 g6 44. Qc2 Bd6 45. Rg2 Qa1+ 46. Rg1
Qa3 47. Rg2 Qa1+ 48. Rg1 Qa3 49. Rg2 1/2-1/2

[Event "SG Porz 2 - SF Gerresheim 1"]
[Site "Oberliga NRW 2017/2018"]
[Date "2018.02.18"]
[Round "6.3"]
[White "Bogdanov, Egor"]
[Black "Liard, Thibaud"]
[Result "1-0"]
[WhiteElo "2326"]
[BlackElo "2177"]
[PlyCount "127"]
[EventDate "2018.??.??"]
[WhiteTeam "SF Gerresheim 1"]
[BlackTeam "SG Porz 2"]

1. e4 c5 2. c3 d5 3. exd5 Qxd5 4. d4 Nf6 5. Nf3 e6 6. Bd3 Nc6 7. O-O cxd4 8.
cxd4 Be7 9. Nc3 Qd8 10. a3 O-O 11. Bc2 b6 12. Re1 Bb7 13. Bg5 Rc8 14. Qd3 g6
15. Bb3 Na5 16. Ba2 Bxf3 17. Qxf3 Nc4 18. Qe2 b5 19. Nxb5 Qd5 20. Nc3 Qxg5 21.
Bxc4 Qh4 22. Bxe6 Rxc3 23. bxc3 fxe6 24. Qxe6+ Rf7 25. g3 Qh5 26. h3 Qf3 27.
Re3 Qd5 28. a4 Qxe6 29. Rxe6 Nd5 30. c4 Nb4 31. Rd1 Kf8 32. Kg2 Ke8 33. Rb1 a5
34. Re5 Nc6 35. Rd5 Bb4 36. Rb3 Rd7 37. Re3+ Kd8 38. Rxd7+ Kxd7 39. d5 Nd4 40.
Re4 Nb3 41. Re2 Nc5 42. Ra2 Ne4 43. f4 Nc3 44. Ra1 Kd6 45. Kf3 Kc5 46. d6 Kxd6
47. Ke3 h5 48. Kd3 Kc5 49. g4 h4 50. g5 Kd6 51. f5 gxf5 52. g6 Ke7 53. c5 Nd5
54. Kc4 Ne3+ 55. Kb5 f4 56. c6 Bd6 57. Kxa5 Be5 58. Rc1 Kd8 59. Kb5 Kc7 60. a5
Nf5 61. a6 Bd4 62. Rd1 f3 63. g7 Bxg7 64. a7 1-0

[Event "SG Porz 2 - SF Gerresheim 1"]
[Site "Oberliga NRW 2017/2018"]
[Date "2018.02.18"]
[Round "6.4"]
[White "Paulus, Jeffrey"]
[Black "Volkov, Mykyta"]
[Result "0-1"]
[WhiteElo "2011"]
[BlackElo "2178"]
[PlyCount "80"]
[EventDate "2018.??.??"]
[WhiteTeam "SG Porz 2"]
[BlackTeam "SF Gerresheim 1"]

1. d4 Nf6 2. Nf3 d5 3. Bf4 c5 4. c3 Nc6 5. e3 Qb6 6. Qb3 c4 7. Qxb6 axb6 8. Na3
Na7 9. Nc2 Bf5 10. Rc1 h5 11. Be2 e6 12. O-O Nc6 13. a3 Na5 14. Nd2 Ne4 15.
Nxe4 Bxe4 16. f3 Bh7 17. Nb4 f6 18. Rce1 g5 19. Bc7 Kd7 20. Bxb6 Bxb4 21. cxb4
Nb3 22. b5 Rhc8 23. Bd1 Nc1 24. e4 Nd3 25. Re2 c3 26. bxc3 Rxa3 27. Bc2 Nf4 28.
Rd2 Raxc3 29. Bd1 dxe4 30. Ra2 e3 31. Ra7 e2 32. Rxb7+ Ke8 33. Bxe2 Nxe2+ 34.
Kf2 Rc2 35. Rxh7 Nf4+ 36. Kg1 Rxg2+ 37. Kh1 Rcc2 38. Ra1 Rxh2+ 39. Kg1 Rcg2+
40. Kf1 Rh1# 0-1

[Event "SG Porz 2 - SF Gerresheim 1"]
[Site "Oberliga NRW 2017/2018"]
[Date "2018.02.18"]
[Round "6.5"]
[White "Dresen, Ulrich"]
[Black "Heedt, Thorsten"]
[Result "1/2-1/2"]
[WhiteElo "2166"]
[BlackElo "2004"]
[PlyCount "81"]
[EventDate "2018.??.??"]
[WhiteTeam "SF Gerresheim 1"]
[BlackTeam "SG Porz 2"]

1. d4 g6 2. Nf3 Bg7 3. e4 d6 4. Bc4 Nf6 5. Nbd2 O-O 6. Bb3 c5 7. dxc5 dxc5 8.
O-O Nc6 9. c3 b6 10. Qe2 Na5 11. Bc2 Bb7 12. Rd1 Qc7 13. Nb3 Rad8 14. Bg5 Nxb3
15. axb3 Rxd1+ 16. Rxd1 Rd8 17. Rxd8+ Qxd8 18. h3 h6 19. Bf4 Qc8 20. Nd2 Nh5
21. Bh2 e5 22. Bd3 Nf4 23. Bxf4 exf4 24. Bc4 Qd7 25. Qd3 Qxd3 26. Bxd3 Kf8 27.
Kf1 Ke7 28. Ke2 Be5 29. Bc4 f5 30. Bd3 Kf6 31. f3 Bc7 32. Bc4 Bc6 33. Bd5 Bxd5
34. exd5 b5 35. Kd3 Ke5 36. c4 b4 37. Nf1 Kf6 38. Nd2 Be5 39. Kc2 Bd4 40. Nf1
Be5 41. Kc1 1/2-1/2

[Event "SG Porz 2 - SF Gerresheim 1"]
[Site "Oberliga NRW 2017/2018"]
[Date "2018.02.18"]
[Round "6.6"]
[White "Wegener, Marcus"]
[Black "Selten, Jan"]
[Result "1/2-1/2"]
[WhiteElo "1974"]
[BlackElo "2078"]
[PlyCount "37"]
[EventDate "2018.??.??"]
[WhiteTeam "SG Porz 2"]
[BlackTeam "SF Gerresheim 1"]

1. e4 e6 2. b3 d5 3. Bb2 Nf6 4. e5 Nfd7 5. d4 c5 6. c3 Nc6 7. Nf3 f6 8. exf6
Nxf6 9. Bd3 Bd6 10. O-O O-O 11. Re1 Bd7 12. Nbd2 Qb6 13. c4 cxd4 14. cxd5 exd5
15. Ng5 Ne5 16. Ndf3 Nxf3+ 17. Nxf3 Bg4 18. Be2 Rad8 19. Bxd4 1/2-1/2

[Event "SG Porz 2 - SF Gerresheim 1"]
[Site "Oberliga NRW 2017/2018"]
[Date "2018.02.18"]
[Round "6.7"]
[White "Liedmann, Dennis"]
[Black "Thiemonds, Uli"]
[Result "1/2-1/2"]
[WhiteElo "2005"]
[BlackElo "2045"]
[Annotator "Daniel"]
[PlyCount "100"]
[EventDate "2018.??.??"]
[WhiteTeam "SF Gerresheim 1"]
[BlackTeam "SG Porz 2"]

1. d4 e6 2. Nf3 f5 3. c4 d5 4. cxd5 exd5 5. Bf4 Nf6 6. Nc3 c6 7. e3 Bd6 8. g3
Bxf4 9. gxf4 Ne4 10. Qb3 O-O 11. Bd3 Kh8 12. h4 Nd7 13. h5 Ndf6 14. Ne5 Qb6 15.
h6 g6 16. Qa3 Qd8 17. Na4 Be6 18. f3 Nd6 19. Nc5 Bg8 20. Ncd7 Nxd7 21. Qxd6
Nxe5 22. Qxe5+ Qf6 23. Rc1 Rae8 $11 24. Qxf6+ Rxf6 25. Kf2 Be6 26. a4 Bd7 27.
b4 a6 28. b5 axb5 29. axb5 Ra8 30. Ra1 Rff8 31. b6 Kg8 32. Rhb1 Rxa1 33. Rxa1
Kf7 34. Ra7 Rb8 35. Ba6 Bc8 36. Kg3 Kf6 37. Bd3 Be6 38. Bc2 Bc8 39. Kh4 Be6 40.
Bb3 Bd7 41. Bd1 Be6 42. Bc2 Bc8 43. Kg3 Be6 44. Ra5 Rg8 45. Bb3 Rd8 46. Kh4 Bd7
47. Ba4 Re8 48. Ra7 Rb8 49. Bc2 Be6 50. Bd3 Bd7 1/2-1/2

[Event "SG Porz 2 - SF Gerresheim 1"]
[Site "Oberliga NRW 2017/2018"]
[Date "2018.02.18"]
[Round "6.8"]
[White "Niesel, Tobias"]
[Black "Sapkowski, Wieslaw"]
[Result "1-0"]
[WhiteElo "1840"]
[BlackElo "1965"]
[PlyCount "89"]
[EventDate "2018.??.??"]
[WhiteTeam "SG Porz 2"]
[BlackTeam "SF Gerresheim 1"]

1. c4 c6 2. g3 d5 3. Nf3 Nf6 4. Bg2 e6 5. b3 Be7 6. O-O O-O 7. Bb2 Nbd7 8. d3
b6 9. Nbd2 Bb7 10. e4 Nc5 11. e5 Nfd7 12. Qc2 Na6 13. a3 c5 14. Ne1 Nc7 15. f4
f5 16. exf6 Bxf6 17. Nef3 d4 18. Rae1 Re8 19. Ne4 Be7 20. Bc1 Rb8 21. Qe2 h6
22. Ne5 Nxe5 23. fxe5 Bxe4 24. Bxe4 Bg5 25. Qh5 Rf8 26. Qg6 Rf5 27. g4 Bxc1 28.
Rxc1 Qg5 29. Bxf5 exf5 30. Qxg5 hxg5 31. gxf5 Rd8 32. Rce1 Kf7 33. Kg2 Rh8 34.
Rf3 Rh5 35. Rh3 Rh6 36. Re4 Rxh3 37. Kxh3 g6 38. Kg4 gxf5+ 39. Kxf5 Ne6 40. h4
gxh4 41. Rxh4 Ng7+ 42. Ke4 Kg6 43. Kd5 Nf5 44. Rh8 Ne3+ 45. Kd6 1-0

[Event "Bochumer SV 1 - SV Dinslaken 1"]
[Site "Oberliga NRW 2017/2018"]
[Date "2018.02.18"]
[Round "6.1"]
[White "Sielecki, Christof"]
[Black "Zaitsev, Mikhail"]
[Result "1/2-1/2"]
[WhiteElo "2384"]
[BlackElo "2422"]
[PlyCount "78"]
[EventDate "2018.??.??"]
[WhiteTeam "SV Dinslaken 1"]
[BlackTeam "Bochumer SV 1"]

1. e4 e5 2. Nf3 Nf6 3. Nc3 Nc6 4. d4 exd4 5. Nxd4 Bb4 6. Nxc6 bxc6 7. Bd3 d5 8.
exd5 Qe7+ 9. Qe2 Nxd5 10. Qxe7+ Kxe7 11. Bd2 Nxc3 12. a3 Bd6 13. Bxc3 Be6 14.
O-O-O Rad8 15. Be4 Bd5 16. Rhe1 Kf8 17. Bxd5 cxd5 18. Be5 f6 19. Bxd6+ Rxd6 20.
c4 c6 21. Kc2 Kf7 22. Kc3 Rhd8 23. Rd4 R6d7 24. Re2 Rb8 25. cxd5 cxd5 26. Ra4
Rb5 27. b4 Rb6 28. Kd3 Rc6 29. Rc2 Rxc2 30. Kxc2 Ke6 31. Kd3 Ke5 32. Ra5 Rc7
33. Rc5 Rxc5 34. bxc5 d4 35. Kc4 d3 36. Kxd3 Kd5 37. c6 Kxc6 38. Kc4 Kb6 39.
Kb4 h5 1/2-1/2

[Event "Bochumer SV 1 - SV Dinslaken 1"]
[Site "Oberliga NRW 2017/2018"]
[Date "2018.02.18"]
[Round "6.2"]
[White "Zatonskih, Anna"]
[Black "Tereick, Benjamin"]
[Result "0-1"]
[WhiteElo "2470"]
[BlackElo "2332"]
[Annotator "Daniel"]
[PlyCount "188"]
[EventDate "2018.??.??"]
[WhiteTeam "Bochumer SV 1"]
[BlackTeam "SV Dinslaken 1"]

1. e4 e6 2. d4 d5 3. Nd2 c5 4. exd5 exd5 5. Ngf3 a6 6. dxc5 Bxc5 7. Bd3 Qe7+ 8.
Qe2 Nc6 9. Nb3 Bb6 10. c3 Bg4 11. O-O Qxe2 12. Bxe2 Nf6 13. h3 Bh5 14. g4 Bg6
15. Nfd4 O-O 16. Be3 Rfe8 17. Rfe1 h5 18. g5 Ne4 19. Rad1 Ne5 20. Kg2 $11 Nc4
21. Bc1 Re7 22. Bxc4 dxc4 23. Nd2 Bxd4 24. cxd4 c3 25. bxc3 Nxc3 26. Rxe7 Nxd1
27. Nf3 b5 28. Bf4 Nc3 29. Be5 Be4 30. a3 Nd5 31. Rd7 Rc8 32. g6 fxg6 33. Rxg7+
Kf8 34. Kh2 Bxf3 35. Rxg6 Rc2 36. Kg3 Be4 37. Rxa6 h4+ 38. Kxh4 Rxf2 39. Bg3
Rf3 40. Re6 Bf5 41. Re2 Nc3 42. Rf2 Rxf2 43. Bxf2 Ne4 44. Be3 Ke7 45. Bh6 Ke6
46. Bg7 Kd5 47. Be5 Kc4 48. Bg7 Bd7 49. Kh5 Bxh3 50. Kg6 Nc3 51. Kf7 Nb1 52.
Bf8 Kxd4 53. Ke8 Kc4 54. Kd8 Kb3 55. Kc7 Nxa3 56. Kb6 Bf1 57. Kc5 Nc2 58. Be7
Ka2 59. Kb6 b4 60. Bxb4 Nxb4 61. Kc5 Kb3 62. Kd4 Nc2+ 63. Kc5 Bc4 64. Kd6 Kb4
65. Ke5 Kc5 66. Ke4 Be2 67. Ke5 Bd3 68. Ke6 Nd4+ 69. Ke5 Nc6+ 70. Ke6 Be4 71.
Kf7 Kd6 72. Kf6 Ne7 73. Kf7 Nd5 74. Kf8 Ke6 75. Kg7 Nf6 76. Kh8 Ng4 77. Kg7 Ke7
78. Kg8 Kf6 79. Kh8 Ne5 80. Kg8 Nf7 81. Kf8 Bh7 82. Ke8 Ne5 83. Kd8 Ke6 84. Kc7
Nd7 85. Kd8 Kd6 86. Ke8 Bg6+ 87. Kd8 Bh5 88. Kc8 Nc5 89. Kd8 Nb7+ 90. Kc8 Kc6
91. Kb8 Bg4 92. Ka7 Nc5 93. Kb8 Kb6 94. Ka8 Bh3 0-1

[Event "Bochumer SV 1 - SV Dinslaken 1"]
[Site "Oberliga NRW 2017/2018"]
[Date "2018.02.18"]
[Round "6.3"]
[White "Stomberg, Thomas"]
[Black "Illner, Achim"]
[Result "0-1"]
[WhiteElo "2352"]
[BlackElo "2445"]
[Annotator "Daniel"]
[PlyCount "68"]
[EventDate "2018.??.??"]
[WhiteTeam "SV Dinslaken 1"]
[BlackTeam "Bochumer SV 1"]

1. Nf3 Nf6 2. g3 d5 3. Bg2 e6 4. c4 d4 5. O-O c5 6. d3 Nc6 7. e4 e5 8. Nh4 g6
9. h3 Be7 10. a3 O-O 11. Bh6 Re8 12. Nf3 Nh5 13. Nbd2 Be6 14. Rb1 f6 15. Kh2
Bd6 16. Ne1 Qc7 17. Nc2 Qe7 18. h4 Nd8 19. Nf3 Nf7 20. Bd2 Qd7 21. b4 $11 h6
22. Ng1 Ng7 23. Nh3 Rab8 24. Qe2 b5 25. cxb5 Rxb5 26. a4 Rb7 27. bxc5 Bxc5 28.
Rxb7 Qxb7 29. Rc1 Bd6 30. Na1 Qb2 31. Qd1 Rb8 32. Bf1 Qa2 33. a5 Ba3 34. Rc2
Qb1 0-1

[Event "Bochumer SV 1 - SV Dinslaken 1"]
[Site "Oberliga NRW 2017/2018"]
[Date "2018.02.18"]
[Round "6.4"]
[White "Heinbuch, Detlef Ulrich"]
[Black "Mundorf, Johannes"]
[Result "1/2-1/2"]
[WhiteElo "2239"]
[BlackElo "2202"]
[PlyCount "20"]
[EventDate "2018.??.??"]
[WhiteTeam "Bochumer SV 1"]
[BlackTeam "SV Dinslaken 1"]

1. c4 c5 2. b3 e6 3. Nf3 d5 4. g3 d4 5. Bg2 Nc6 6. O-O Bd6 7. d3 e5 8. a3 a5 9.
e4 Nge7 10. Ne1 O-O 1/2-1/2

[Event "Bochumer SV 1 - SV Dinslaken 1"]
[Site "Oberliga NRW 2017/2018"]
[Date "2018.02.18"]
[Round "6.5"]
[White "Borchert, Rene"]
[Black "Wolter, Detlev"]
[Result "0-1"]
[WhiteElo "2112"]
[BlackElo "2223"]
[PlyCount "60"]
[EventDate "2018.??.??"]
[WhiteTeam "SV Dinslaken 1"]
[BlackTeam "Bochumer SV 1"]

1. e4 g6 2. d4 Bg7 3. Nc3 d6 4. Be3 a6 5. Qd2 b5 6. O-O-O Bb7 7. f3 Nd7 8. h4
h6 9. h5 g5 10. Nce2 Nb6 11. Ng3 e6 12. Nh3 Qd7 13. d5 Ne7 14. Bxb6 cxb6 15.
dxe6 Qxe6 16. Qxd6 Qxd6 17. Rxd6 Be5 18. Rxb6 O-O-O 19. Rxb7 Kxb7 20. Nf5 Nxf5
21. exf5 Rd4 22. g4 Rc8 23. Be2 Kb6 24. Rd1 Rxd1+ 25. Bxd1 Re8 26. c3 Bg3 27.
Ng1 Bf4+ 28. Kc2 Rd8 29. Be2 Rd2+ 30. Kb1 Be3 0-1

[Event "Bochumer SV 1 - SV Dinslaken 1"]
[Site "Oberliga NRW 2017/2018"]
[Date "2018.02.18"]
[Round "6.6"]
[White "Kiese, Matthias"]
[Black "Ossig, Rainer"]
[Result "1/2-1/2"]
[WhiteElo "2199"]
[BlackElo "2135"]
[PlyCount "49"]
[EventDate "2018.??.??"]
[WhiteTeam "Bochumer SV 1"]
[BlackTeam "SV Dinslaken 1"]

1. d4 e6 2. Nf3 f5 3. g3 Nf6 4. Bg2 d5 5. O-O Bd6 6. c4 c6 7. b3 Qe7 8. a4 a5
9. Ba3 Bxa3 10. Nxa3 O-O 11. Nc2 b6 12. Nce1 Bb7 13. Nd3 Na6 14. Rc1 Rfd8 15.
Qc2 Ne4 16. Rfd1 c5 17. e3 Rac8 18. Qb2 Nb4 19. Nfe5 Na6 20. Nf4 Nf6 21. h4 Rd6
22. Qe2 Nb4 23. Qb2 Na6 24. Qe2 Nb4 25. Qb2 1/2-1/2

[Event "Bochumer SV 1 - SV Dinslaken 1"]
[Site "Oberliga NRW 2017/2018"]
[Date "2018.02.18"]
[Round "6.7"]
[White "Nent, Alexander"]
[Black "Jellinghaus, Lars"]
[Result "1/2-1/2"]
[WhiteElo "2062"]
[BlackElo "2109"]
[PlyCount "63"]
[EventDate "2018.??.??"]
[WhiteTeam "SV Dinslaken 1"]
[BlackTeam "Bochumer SV 1"]

1. Nf3 d5 2. d4 e6 3. c4 Nf6 4. g3 Be7 5. Bg2 O-O 6. O-O dxc4 7. Ne5 Nc6 8.
Bxc6 bxc6 9. Nxc6 Qe8 10. Nxe7+ Qxe7 11. Qa4 a5 12. Qxc4 Ba6 13. Qc2 Rfd8 14.
Rd1 c5 15. dxc5 Rxd1+ 16. Qxd1 Qxc5 17. Be3 Qh5 18. f3 Qe5 19. Qd4 Qxd4 20.
Bxd4 Rd8 21. Bc3 Rd1+ 22. Kf2 Nd5 23. Bxa5 f5 24. Bd2 e5 25. a4 e4 26. fxe4
fxe4 27. b3 Kf7 28. b4 Bc4 29. a5 Ba6 30. b5 Bxb5 31. a6 Bxa6 32. Rxa6 1/2-1/2

[Event "Bochumer SV 1 - SV Dinslaken 1"]
[Site "Oberliga NRW 2017/2018"]
[Date "2018.02.18"]
[Round "6.8"]
[White "Pewny, Uwe"]
[Black "Sonnenschein, Philipp"]
[Result "1/2-1/2"]
[WhiteElo "2172"]
[BlackElo "2042"]
[PlyCount "110"]
[EventDate "2018.??.??"]
[WhiteTeam "Bochumer SV 1"]
[BlackTeam "SV Dinslaken 1"]

1. Nf3 c5 2. c4 Nc6 3. d4 cxd4 4. Nxd4 Nf6 5. Nc3 e6 6. Ndb5 Bc5 7. Bf4 O-O 8.
Bd6 Qb6 9. Bxc5 Qxc5 10. e3 Rd8 11. Qd6 b6 12. O-O-O Qxd6 13. Nxd6 Kf8 14. Be2
Ne8 15. Nxe8 Kxe8 16. Nb5 Ke7 17. Nd6 Na5 18. Bf3 Rb8 19. b4 Nb7 20. Bxb7 Bxb7
21. e4 f6 22. Kb2 Bd5 23. exd5 Kxd6 24. dxe6+ Kxe6 25. Rhe1+ Kf7 26. Kc3 Rbc8
27. Rd5 Rc6 28. a4 Re6 29. Rxe6 Kxe6 30. a5 Rc8 31. Kb3 Rc6 32. axb6 axb6 33.
Rd2 Rc7 34. Ra2 d5 35. Re2+ Kd6 36. cxd5 Kxd5 37. Ka4 Rc4 38. Kb5 Rh4 39. Rd2+
Ke6 40. h3 Ke5 41. f3 f5 42. Rd7 g5 43. Rg7 h6 44. Rd7 Kf4 45. Re7 Kg3 46. Re2
g4 47. hxg4 fxg4 48. f4 Kxf4 49. Kxb6 Rh1 50. b5 Rb1 51. Kc6 h5 52. b6 h4 53.
b7 h3 54. gxh3 gxh3 55. Kc7 Kg3 1/2-1/2

[Event "Oberhausener SV 1 - SK Münster 1"]
[Site "Oberliga NRW 2017/2018"]
[Date "2018.02.18"]
[Round "6.1"]
[White "Holtel, Jasper"]
[Black "Hort, Vlastimil"]
[Result "1/2-1/2"]
[WhiteElo "2135"]
[BlackElo "2391"]
[Annotator "Daniel"]
[PlyCount "55"]
[EventDate "2018.??.??"]
[WhiteTeam "SK Münster 1"]
[BlackTeam "Oberhausener SV 1"]

1. e4 e6 2. d4 d5 3. Nd2 c5 4. exd5 exd5 5. Ngf3 Nc6 6. Bb5 Bd6 7. dxc5 Bxc5 8.
O-O Nge7 9. Nb3 Bb6 10. Re1 O-O 11. Be3 Bg4 12. h3 Bf5 13. c3 Re8 14. Bxb6 Qxb6
15. Bd3 Bg6 16. Bxg6 hxg6 17. Qd3 a5 18. Re2 a4 19. Nbd4 Nxd4 20. Qxd4 Qxd4 $11
21. Nxd4 Nc6 22. Rae1 Rxe2 23. Rxe2 Nxd4 24. cxd4 Rc8 25. Re7 Rc1+ 26. Kh2 b6
27. Rb7 Rd1 28. Rxb6 1/2-1/2

[Event "Oberhausener SV 1 - SK Münster 1"]
[Site "Oberliga NRW 2017/2018"]
[Date "2018.02.18"]
[Round "6.3"]
[White "Muschik, Benedikt"]
[Black "Becker, Marcel"]
[Result "0-1"]
[WhiteElo "2209"]
[BlackElo "2262"]
[PlyCount "62"]
[EventDate "2018.??.??"]
[WhiteTeam "SK Münster 1"]
[BlackTeam "Oberhausener SV 1"]

1. d4 d5 2. Bf4 Nf6 3. e3 c5 4. c3 Nc6 5. Nd2 Bf5 6. Qb3 Qd7 7. Ngf3 c4 8. Qb5
Nh5 9. Nh4 Bg6 10. Bg3 e6 11. b3 cxb3 12. axb3 Be7 13. Be2 a6 14. Nxg6 hxg6 15.
Qd3 Nxg3 16. fxg3 e5 17. dxe5 Nxe5 18. Qd4 Bf6 19. Qa4 Nc6 20. Rc1 O-O 21. Qg4
Qe7 22. Nf1 Qa3 23. Rc2 Qxb3 24. Bd1 Bxc3+ 25. Kf2 Nb4 26. Nd2 Nd3+ 27. Kg1 Qb6
28. Qe2 Rae8 29. Nf1 Bd4 30. Qxd3 Bxe3+ 31. Rf2 Bxf2# 0-1

[Event "Oberhausener SV 1 - SK Münster 1"]
[Site "Oberliga NRW 2017/2018"]
[Date "2018.02.18"]
[Round "6.4"]
[White "Stillger, Bernhard"]
[Black "Wolter, Kai"]
[Result "0-1"]
[WhiteElo "2272"]
[BlackElo "2205"]
[PlyCount "64"]
[EventDate "2018.??.??"]
[WhiteTeam "Oberhausener SV 1"]
[BlackTeam "SK Münster 1"]

1. Nf3 c5 2. c4 Nc6 3. Nc3 g6 4. g3 Bg7 5. Bg2 e6 6. e3 Nge7 7. d4 d5 8. cxd5
Nxd5 9. Nxd5 Qxd5 10. O-O Qd6 11. dxc5 Qxc5 12. Bd2 Bxb2 13. Rb1 Bg7 14. Qb3
O-O 15. Rfc1 Qe7 16. Bc3 Rd8 17. Bxg7 Kxg7 18. Nd2 e5 19. Qc3 Bf5 20. Rb5 Rd3
21. Qb2 Rad8 22. Rxb7 Rxd2 23. Rxe7 Rxb2 24. Bxc6 Rdd2 25. Rxa7 Be6 26. Rf1 Bc4
27. Rc1 Bxa2 28. Rf1 Bc4 29. Rc1 Bd3 30. Rd7 e4 31. Rd4 Rdc2 32. Rxc2 Rb1+ 0-1

[Event "Oberhausener SV 1 - SK Münster 1"]
[Site "Oberliga NRW 2017/2018"]
[Date "2018.02.18"]
[Round "6.5"]
[White "Chilla, Jan Eric"]
[Black "Kaufeld, Juergen"]
[Result "1-0"]
[WhiteElo "2153"]
[BlackElo "2247"]
[PlyCount "65"]
[EventDate "2018.??.??"]
[WhiteTeam "SK Münster 1"]
[BlackTeam "Oberhausener SV 1"]

1. d4 Nf6 2. Bg5 e6 3. e4 c5 4. d5 Qa5+ 5. Bd2 Qd8 6. Nc3 exd5 7. e5 Ne4 8.
Nxd5 Nxd2 9. Qxd2 d6 10. Nf3 Nc6 11. O-O-O dxe5 12. Bb5 f6 13. Rhe1 Kf7 14. Bc4
Be6 15. Qe2 b5 16. Ng5+ fxg5 17. Qf3+ Kg8 18. Nc7 Bxc4 19. Rxd8 Rxd8 20. Qxc6
h5 21. b3 Bf7 22. Qxb5 Rh6 23. Rd1 Bd6 24. Nd5 e4 25. c4 Rf8 26. Ne3 Be8 27.
Qb7 Rxf2 28. Qa8 Rf8 29. Qxe4 Bxh2 30. Rd8 Bc6 31. Qe7 Rxd8 32. Qxd8+ Kh7 33.
Qxg5 1-0

[Event "Oberhausener SV 1 - SK Münster 1"]
[Site "Oberliga NRW 2017/2018"]
[Date "2018.02.18"]
[Round "6.6"]
[White "Kummerow, Heiko"]
[Black "Kamp, Christoph"]
[Result "0-1"]
[WhiteElo "2154"]
[BlackElo "2209"]
[PlyCount "84"]
[EventDate "2018.??.??"]
[WhiteTeam "Oberhausener SV 1"]
[BlackTeam "SK Münster 1"]

1. e4 e6 2. d4 d5 3. Nc3 Bb4 4. exd5 exd5 5. Bd3 Nc6 6. a3 Bxc3+ 7. bxc3 Nge7
8. Qf3 Be6 9. Ne2 Qd7 10. O-O O-O-O 11. Nf4 Bg4 12. Qg3 Rdg8 13. h3 Bf5 14. Re1
h5 15. Bxf5 Qxf5 16. Nd3 h4 17. Qg4 Re8 18. Bf4 Qxg4 19. hxg4 Na5 20. a4 b6 21.
f3 Ng6 22. Kf2 Nc4 23. Bh2 a5 24. Bf4 Kd7 25. Rad1 Na3 26. Bc1 Nc4 27. Bf4 c6
28. Bc1 Rxe1 29. Rxe1 Re8 30. Rh1 f6 31. f4 Rh8 32. f5 Ne7 33. Nf4 Nd6 34. Ba3
Ne4+ 35. Ke3 Nc8 36. c4 Ng3 37. Rb1 dxc4 38. Ne6 g5 39. Bc5 h3 40. Bxb6 Nxb6
41. Rxb6 h2 42. Rb7+ Kc8 0-1

[Event "Oberhausener SV 1 - SK Münster 1"]
[Site "Oberliga NRW 2017/2018"]
[Date "2018.02.18"]
[Round "6.7"]
[White "Rott, Georg"]
[Black "Ciornei, Dragos"]
[Result "1-0"]
[WhiteElo "2149"]
[BlackElo "2034"]
[PlyCount "103"]
[EventDate "2018.??.??"]
[WhiteTeam "SK Münster 1"]
[BlackTeam "Oberhausener SV 1"]

1. e4 e5 2. Nf3 Nc6 3. Bb5 a6 4. Bxc6 dxc6 5. O-O f6 6. d4 exd4 7. Nxd4 c5 8.
Ne2 Qxd1 9. Rxd1 Bd7 10. Nbc3 Bd6 11. Bf4 Bxf4 12. Nxf4 Ne7 13. Ncd5 Nxd5 14.
Rxd5 b6 15. Rad1 Bc6 16. R5d2 Ke7 17. f3 Rhe8 18. Kf2 Kf7 19. h4 g6 20. g4 Re5
21. Rd8 Re8 22. Rxa8 Rxa8 23. g5 Re8 24. gxf6 Kxf6 25. Ke3 a5 26. a3 a4 27. c3
h6 28. Nd5+ Bxd5 29. Rxd5 g5 30. hxg5+ hxg5 31. Rd7 Rc8 32. Kf2 Ke6 33. Rd5 Rg8
34. Kg3 c6 35. Rf5 Rd8 36. Rxg5 Rd2 37. Rg6+ Kd7 38. Rg7+ Ke6 39. f4 Rxb2 40.
f5+ Kf6 41. Rc7 Ke5 42. Re7+ Kd6 43. f6 Rb1 44. e5+ Kd5 45. f7 Rf1 46. e6 b5
47. Re8 b4 48. cxb4 cxb4 49. axb4 a3 50. f8=Q Rxf8 51. Rxf8 Kxe6 52. Ra8 1-0

[Event "Oberhausener SV 1 - SK Münster 1"]
[Site "Oberliga NRW 2017/2018"]
[Date "2018.02.18"]
[Round "6.8"]
[White "Voge, Andreas"]
[Black "Virnyi, Julius"]
[Result "1/2-1/2"]
[WhiteElo "2055"]
[BlackElo "2057"]
[PlyCount "42"]
[EventDate "2018.??.??"]
[WhiteTeam "Oberhausener SV 1"]
[BlackTeam "SK Münster 1"]

1. e4 c5 2. Nf3 d6 3. d4 cxd4 4. Nxd4 Nf6 5. Nc3 Nc6 6. Bg5 e6 7. Qd2 a6 8.
O-O-O Bd7 9. f3 Be7 10. h4 h6 11. Be3 h5 12. Bg5 b5 13. Nxc6 Bxc6 14. Kb1 Rc8
15. a3 Qb6 16. Qe3 Qxe3 17. Bxe3 d5 18. exd5 Nxd5 19. Nxd5 Bxd5 20. a4 bxa4 21.
Bxa6 Rb8 1/2-1/2

[Event "SF Essen-Katernberg  1 - SV Mülheim-Nor"]
[Site "Oberliga NRW 2017/2018"]
[Date "2018.02.18"]
[Round "6.1"]
[White "Warmerdam, Max"]
[Black "Siebrecht, Sebastian"]
[Result "1/2-1/2"]
[WhiteElo "2389"]
[BlackElo "2410"]
[PlyCount "135"]
[EventDate "2018.??.??"]
[WhiteTeam "SV Mülheim-Nord 2"]
[BlackTeam "SF Essen-Katernberg  1"]

1. e4 g6 2. d4 Bg7 3. Nc3 c6 4. f4 d6 5. Nf3 b5 6. Bd3 Nd7 7. e5 b4 8. Ne4 d5
9. Nf2 e6 10. O-O c5 11. dxc5 Nxc5 12. Be3 Nxd3 13. cxd3 a5 14. Bc5 Ne7 15. Nd4
Bd7 16. Rc1 O-O 17. Ng4 Re8 18. Rf2 Nc8 19. Qf3 Nb6 20. b3 Nc8 21. Rfc2 Ra6 22.
Qh3 Ne7 23. Nh6+ Bxh6 24. Qxh6 Nf5 25. Nxf5 exf5 26. Bd4 Be6 27. h4 a4 28. Rc7
Rf8 29. Bc5 Re8 30. Bf2 d4 31. h5 Bd5 32. e6 Raxe6 33. Rxf7 Re1+ 34. Rxe1 Rxe1+
35. Bxe1 Bxf7 36. Bxb4 axb3 37. axb3 gxh5 38. Bd6 Bg6 39. Be5 Qe7 40. b4 Qf8
41. Qg5 Qxb4 42. Qf6 Qf8 43. Qe6+ Qf7 44. Qd6 Qe8 45. Qxd4 Bf7 46. Qd6 Be6 47.
d4 Qd7 48. Qb8+ Qc8 49. Qa7 Qd7 50. Qa8+ Qc8 51. Qa3 Qd7 52. Qg3+ Kf8 53. Qg5
Bf7 54. Qg7+ Ke7 55. Qxh7 Qe6 56. Qh8 Qg6 57. Qc8 Qe6 58. Qc7+ Ke8 59. Qb8+ Kd7
60. Qc7+ Ke8 61. Qc5 Kd7 62. Kh2 Qc6 63. Qf8 Qg6 64. Qb8 h4 65. Qb5+ Kd8 66.
Qa5+ Ke8 67. Qe1 Bd5 68. Qf2 1/2-1/2

[Event "SF Essen-Katernberg  1 - SV Mülheim-Nor"]
[Site "Oberliga NRW 2017/2018"]
[Date "2018.02.18"]
[Round "6.2"]
[White "Tomic, Bosko"]
[Black "Rezasade, Amir"]
[Result "1/2-1/2"]
[WhiteElo "2355"]
[BlackElo "2318"]
[PlyCount "79"]
[EventDate "2018.??.??"]
[WhiteTeam "SF Essen-Katernberg  1"]
[BlackTeam "SV Mülheim-Nord 2"]

1. c4 c6 2. Nf3 d5 3. Qc2 Nf6 4. g3 Bg4 5. Bg2 e6 6. b3 Bd6 7. Bb2 Nbd7 8. d3
Qe7 9. Nbd2 e5 10. e4 dxe4 11. dxe4 Bxf3 12. Nxf3 Ba3 13. O-O O-O 14. Bc3 a5
15. Rad1 Bb4 16. Bb2 Ba3 17. Ba1 Rfd8 18. Rd2 Bb4 19. Re2 Qc5 20. Rd1 Re8 21.
Bh3 Nf8 22. Bb2 a4 23. Bc1 Ne6 24. Be3 Qa5 25. Bxe6 Rxe6 26. Bg5 Bc3 27. Bd2
Bxd2 28. Rexd2 axb3 29. axb3 h6 30. Kg2 g6 31. Rd6 Rae8 32. Rxe6 Rxe6 33. Qd3
Kg7 34. Qe3 Ng4 35. Qe2 Qb6 36. h3 Nf6 37. Rd3 Qc5 38. Rd8 Rd6 39. Rxd6 Qxd6
40. Qe3 1/2-1/2